| 000 | 00685nam a2200277Ia 4500 | ||
|---|---|---|---|
| 005 | 20260324142531.0 | ||
| 008 | 008 260324s9999 xx 000 0 eng d | ||
| 020 | _a9780203763179 | ||
| 037 | _aEBOOK | ||
| 040 | _aCRL | ||
| 040 | _beng | ||
| 040 | _cCRL | ||
| 041 | _2eng | ||
| 041 | _aeng | ||
| 084 | _qCRL | ||
| 100 |
_aManuel Aparicio IV; Daniel S. Levine _91212294 |
||
| 245 | 0 | _aNeural Networks for Knowledge Representation and Inference | |
| 260 | _bTaylor and Francis | ||
| 260 | _c1994 | ||
| 365 | _a | ||
| 365 | _b65.99 | ||
| 856 | _uhttp://www.taylorfrancis.com/books/9780203763179 | ||
| 942 | _cEBOOK | ||
| 999 |
_c1816604 _d1816604 |
||